Industrial development of Vidarbha (Record no. 351303)

000 -LEADER
fixed length control field 00466cam a22001457a 4500
008 - FIXED-LENGTH DATA ELEMENTS--GENERAL INFORMATION
fixed length control field 180718b1975 xxu||||| |||| 00| 0 eng d
082 ## - DEWEY DECIMAL CLASSIFICATION NUMBER
Classification number T000x5442 P187
100 ## - MAIN ENTRY--PERSONAL NAME
Personal name Palsapure, P.Z.
245 ## - TITLE STATEMENT
Title Industrial development of Vidarbha
Statement of responsibility, etc. by P.Z. Palsapure
260 ## - PUBLICATION, DISTRIBUTION, ETC.
Place of publication, distribution, etc. Bombay
Name of publisher, distributor, etc. Popular
Date of publication, distribution, etc. 1975
300 ## - PHYSICAL DESCRIPTION
Extent 236p.
650 ## - SUBJECT ADDED ENTRY--TOPICAL TERM
Topical term or geographic name entry element Regional planning - India - Maharashtra
650 ## - SUBJECT ADDED ENTRY--TOPICAL TERM
Topical term or geographic name entry element Industrial - India - Maharashtra
650 ## - SUBJECT ADDED ENTRY--TOPICAL TERM
Topical term or geographic name entry element Economic development - India - Maharashtra
Holdings
Withdrawn status Lost status Damaged status Not for loan Permanent Location Current Location Date acquired Full call number Barcode Date last seen Price effective from Koha item type
        Indian Institute of Public Administration Indian Institute of Public Administration 1993-11-12 T000x5442 P187 50523 2018-07-21 2018-07-21 Book

Powered by Koha